000 00817cam a22002294a 4500
005 20250605164209.0
008 250528s ||||||||||||||||||||||||d
035 _a20163
020 _a750652411
040 _aGR-AtMCL
_bgre
_dGR-AtMCL
_eAACR2
245 1 _aAnatomy and Human Movement / Structure and Function
250 _a4th
260 _bButterworth Heinemann,
_c2002
300 _a678
520 _aThis book is an invaluable tool for all those who study the living body. Preface, Introduction, Skin and Its Appendages and Special Senses, The Upper Limb, The Lower Limb, The Trunk and Neck, The Head, The Viscera, The Nervous System, Index.
700 1 _aField Derek
_96215
700 1 _aPalastanga Nigel
_96169
700 1 _aSoames Roger
_96216
942 _cBK
999 _c5302
_d5302